Numerical analysis / (Record no. 29156)

000 -LEADER
fixed length control field 00444 a2200169 4500
003 - CONTROL NUMBER IDENTIFIER
control field NUST
005 - DATE AND TIME OF LATEST TRANSACTION
control field 20180118162531.0
008 - FIXED-LENGTH DATA ELEMENTS--GENERAL INFORMATION
fixed length control field 180118b xxu||||| |||| 00| 0 eng d
020 ## - INTERNATIONAL STANDARD BOOK NUMBER
International Standard Book Number 0534382169
020 ## - INTERNATIONAL STANDARD BOOK NUMBER
International Standard Book Number 9780534382162
082 04 - DEWEY DECIMAL CLASSIFICATION NUMBER
Classification number 519.4
100 1# - MAIN ENTRY--PERSONAL NAME
Personal name Burden, Richard L.
9 (RLIN) 7191
245 10 - TITLE STATEMENT
Title Numerical analysis /
Statement of responsibility, etc. Richard L. Burden, J. Douglas Faires.
250 ## - EDITION STATEMENT
Edition statement 7th ed.
260 ## - PUBLICATION, DISTRIBUTION, ETC.
Place of publication, distribution, etc. [S.l.] :
Name of publisher, distributor, etc. Brooks Cole,
Date of publication, distribution, etc. 2001.
300 ## - PHYSICAL DESCRIPTION
Extent 864 p. ;
Dimensions 24 cm.
700 1# - ADDED ENTRY--PERSONAL NAME
Personal name Faires, J. Douglas.
9 (RLIN) 7190
942 ## - ADDED ENTRY ELEMENTS (KOHA)
Institution code [OBSOLETE] SNS
Koha item type Book
Call number prefix 519.4 BUR
Source of classification or shelving scheme
Holdings
Withdrawn status Lost status Damaged status Not for loan Permanent Location Current Location Date acquired Total Checkouts Full call number Barcode Date last seen Date last checked out Price effective from Koha item type
        School of Natural Sciences (SNS) School of Natural Sciences (SNS) 05/26/2016 6 519.4 BUR SNS0000467 01/31/2024 09/25/2023 05/26/2016 Book
© 2023 Central Library, National University of Sciences and Technology. All Rights Reserved.